000 00742nam a22002297a 4500
003 UA-OsUOA
001 136587
007 ta
008 20190401b un ||||| |||| 00| 0 ukr d
100 _aСтахов Б.
700 _aТарасенко М.
090 _a330(477)
_bС78
942 _cSA
040 _aUA-OsUOA
_bukr
_cUA-OsUOA
_dUA-OsUOA
245 _aФінансова спроможності місцевого самоврядування: проблеми забезпечення та антикризового управління
300 _aС.18-30
955 _a0
041 _aukr
080 _a330(477)
773 0 _w136585
_tЕкономіст
_dК.
_d2019
_g2
650 7 _a330 Економіка взагалі
_2UDC
999 _c421425
_d421425